|
|
|
|
| LEADER |
00000cam a2200000 7i4500 |
| 001 |
0000030183 |
| 002 |
000032576 |
| 005 |
20000330.0 |
| 020 |
|
|
|a 0835122336
|
| 090 |
0 |
0 |
|a 635.9772
|b HUY
|
| 100 |
0 |
|
|a Hu Yunhua
|
| 245 |
1 |
4 |
|a The art of chinese :
|b miniature landscape
|c written by Hu Yunhua ; edited by Bai Ziran
|
| 250 |
|
|
|a 1st ed
|
| 260 |
|
|
|a Singapore :
|b Foreign Languages Press ,
|c 1990
|
| 300 |
|
|
|a 161p. :
|b ill. ;
|c 26cm.
|
| 650 |
0 |
0 |
|a Bonsai
|
| 650 |
0 |
0 |
|a Landscape
|x Art
|
| 650 |
0 |
0 |
|a Miniature plants
|x China
|
| 700 |
0 |
|
|a Bai Ziran
|
| 999 |
|
|
|a 022010
|b BUKU
|c PINJAMAN
|e PERPUSTAKAAN KOMUNITI PETALING JAYA
|